LEADER 01211nam a2200277 i 4500 001 000000191893 003 CaOOAMICUS 005 20150217000000.0 008 150217s1971 it u000 u ita u 013 $a170465 040 $aSeMil$bita 100 1 $aLajolo, Giovanni,$c.$0(OLS)http://semarc/name/20094 245 10$aLiberta di religione e posizione della Chiesa nel diritto dello Stato /$cGiovanni Lajolo, Richard A. Strigl. 260 $aRoma :$bPaoline,$c1971. 300 $a191 p. ;$c18 cm. 490 0 $aPunti scottanti di teologia ;$v60 500 $aFondo card. Giovanni Colombo. 650 4$aLibertà religiosa - Concezione cattolica.$0(OLS)http://semarc/subject/10725 700 1 $aStrigl, Richard A.$0(OLS)http://semarc/name/20095 830 0$aPunti scottanti di teologia ;$v60.$0(OLS)http://semarc/title/240 850 $aSeMil 852 $aSeMil$W1$xVenegono$y1$m3GC I 239$j142478$B142478$CSeMilBibl$Z2$F154042 $8B 941 1 $a3 961 $aLascito: Colombo Card. Giovanni 996 $6245$aLiberta di religione e posizione della Chiesa nel diritto dello Stato$9(OLS)http://semarc/title/276426 996 $6260$aRoma :$bPaoline$9(OLS)http://semarc/publisher/29686 LEADER 01809nam a2200361 i 4500 001 000000220461 003 CaOOAMICUS 005 20130517000000.0 008 130517s2012 it u000 u ita u 013 $a199358 020 $a978-88-7105-317-2 040 $aSeMil$bita 245 10$aDiritto e liturgia :$b38. Incontro di Studio, Centro Pio 10. 260 $aMilano :$bGlossa,$c2012. 300 $a250 p. ;$c24 cm. 490 0 $aQuaderni della Mendola ;$v20 650 4$aLiturgia - Diritto canonico.$0(OLS)http://semarc/subject/155 774 0 $t"Lex orandi, lex credendi" nell'attuale riflessione liturgica.$w()320311 774 0 $tDalla "Sacrosantum Concilium" alla riforma liturgica. Lo sviluppo di un cammino.$w()320312 774 0 $tDimensione giuridica della liturgia.$w()320313 774 0 $tInculturazione e liturgia.$w()320314 774 0 $tVescovo diocesano moderatore, promotore e custode della vita liturgica.$w()320315 774 0 $tAnglicanorum coetibus" e i libri liturgici propri della "tradizione anglicana".$w()320316 774 0 $tIstruzione "Universae Ecclesiae" nella prospettiva del motu proprio "Summorum Pontificum". Implicazioni giuridiche.$w()320317 774 0 $tEsequie ecclesiastiche.$w()320318 774 0 $tParrocchia nei documenti della Conferenza Episcopale Italiana.$w()320320 830 0$aQuaderni della Mendola ;$v20.$0(OLS)http://semarc/title/382 850 $aSeMil 852 $aSeMil$W1$xVenegono$y1$m2KA K 20$j230307$B170816$CSeMilBibl$Z2$F181391 $81 961 $aOmaggio: Como don Giuseppe 996 $6020$a978-88-7105-317-2$9(OLS)http://semarc/number/219033 996 $6245$aDiritto e liturgia :$b38. Incontro di Studio, Centro Pio 10$9(OLS)http://semarc/title/316194 996 $6260$aMilano :$bGlossa$9(OLS)http://semarc/publisher/29635